| 000 | 00924nam a2200265Ia 4500 | ||
|---|---|---|---|
| 003 | OSt | ||
| 005 | 20220923230626.0 | ||
| 006 | a|||||r|||| 00| 0 | ||
| 007 | ta | ||
| 008 | 220922b |||||||| |||| 00| 0 san d | ||
| 024 | _a284,964 | ||
| 037 | _cTextual | ||
| 040 |
_aARTS _cARTS _bsan |
||
| 041 |
_2san _asan |
||
| 082 | _aO15,1D61,2, L6 | ||
| 100 | _aत्रिपाठी, कृष्णमणि | ||
| 245 | 0 | _aनीतिशतकम् | |
| 246 | _aNītishatakam | ||
| 260 |
_aवाराणसी _b चौखम्बा सुरभारती प्रकाशन _c1976 |
||
| 300 |
_a106पृ0 _ccm. |
||
| 490 | _aचौखम्बा सुरभारती ग्रन्थमाला; 10 | ||
| 650 | _aसंस्कृत साहित्य | ||
| 942 |
_hO15,1D61,2, L6 _cTEXL _2CC |
||
| 999 |
_c386134 _d386134 |
||